02242nam a2200313Ia 4500003000400000005001700004008004100021020001800062040002100080041001300101082002600114100003200140245028800172260005400460300003700514490001500551500015800566505033300724520049201057546002801549650001901577650002801596700004001624700005501664700004101719942001201760999001501772952014101787OSt20210520132746.0210310s2014 mx fr 001 0 spa d a9786071616524 aCO-JMCRcCO-JMCR1 aspahger04a335.412 /bM392c12231 aMarx, Carlos, 96329eautor13aEl capital : bcrítica de la economía política : el proceso de producción del capital / cCarlos Marx ; nueva versión del alemán, Wenceslao Roces ; estudio introductorio, Ignacio Perrotini ; prólogo, integración del manuscrito y cuidado de la edición, Ricardo Campa aMéxico : bFondo de Cultura Económica, c2014 alviii, 1016 páginas ; c23 cm.0 aEconomía aIncluye notas a pie de página e índice bibliográfico, biográfico y de materias. Título original: Das Kapital. Kritik der politischen Ökonomie0 aEl capital -- El proceso de producción del capital -- Mercancía y dinero -- La transformación del dinero en capital -- La producción de la plusvalía absoluta -- La producción de la plusvalía relativa -- La producción de la plusvalía absoluta y relativa -- El salario -- El proceso de acumulación del capital 3 aPocos libros han sido leídos y discutidos con tanta pasión como El capital. Desde que vio la luz pública su primer tomo, en 1867, fue censurado y elogiado prácticamente en todo el mundo y sigue siendo causa de debate hasta nuestros días. La polémica radica, debe decirse, en el contexto social y las interpretaciones históricas de que ha sido objeto, pues desde hace tiempo figura como un clásico de la materia y como tema fundamental para la investigación económica. aTraducido del alemán.14aCapital91560724aEconomía social942221 aRoces, Wenceslao, etraductor962311 aPerrotini, Ignacio, eestudio introductorio9377191 aCampa, Ricardo, eprologuista937720 2ddccBK c7842d7842 00102ddc40708NFICaCPLbCPLd2018-04-15eDonaciónl3o335.412 / M392c1p430003765r2026-03-05 08:51:26s2026-03-05tV.1 / Ej.1yBK